| 000 | 00331nam a22001337a 4500 | ||
|---|---|---|---|
| 008 | 220208b ||||| |||| 00| 0 eng d | ||
| 020 | _a9789351551966 | ||
| 050 |
_a510 _b1 |
||
| 100 |
_aRawat Vineeta _97537 |
||
| 245 | _aMathmatics | ||
| 260 |
_aNew Delhi _bProgressive Education Publication |
||
| 300 | _a588.P | ||
| 942 |
_2ddc _cBK |
||
| 999 |
_c11972 _d11972 |
||